Posouzení nebezpečí úpadku podniku s využitím testů předluženosti a bankrotních modelů

Test predĺženosti a modely bankrotu ako prostriedky na posúdenie finančného zdravia podniku a odhalenie nebezpečia jeho úpadku. Predstavenie daných nástrojov.

Saved in:
Bibliographic Details
Main Author: Lízalová, Lenka
Other Authors: Kozáková, Petra
Format: Book Chapter
Language:Czech
Subjects:
Tags: Add Tag
No Tags, Be the first to tag this record!

MARC

LEADER 00000naa a2200000 4500
001 0280843
005 20240417075149.9
041 0 |a cze 
044 |a CZ 
245 1 0 |a Posouzení nebezpečí úpadku podniku s využitím testů předluženosti a bankrotních modelů  |c Lenka Lízalová, Petra Kozáková 
520 |a Test predĺženosti a modely bankrotu ako prostriedky na posúdenie finančného zdravia podniku a odhalenie nebezpečia jeho úpadku. Predstavenie daných nástrojov. 
610 2 0 |a zdravie podniku finančné 
610 2 0 |a úpadok podniku 
610 2 0 |a modely 
610 2 0 |a bankrot 
610 2 0 |a testy 
610 2 0 |a insolventnosť 
100 1 |a Lízalová, Lenka 
700 1 |a Kozáková, Petra